[Event "Romania rapid online op final"]
[Site "Chess.com INT"]
[Date "2020.05.01"]
[Round "5"]
[White "Iordachescu, George Matei"]
[Black "Rucsandescu, Dan"]
[Result "1-0"]
[WhiteElo "1391"]
[BlackElo "1971"]
[PlyCount "57"]
[EventDate "2020.05.01"]
[EventType "swiss (rapid)"]
[EventRounds "7"]
[EventCountry "ROU"]
[SourceTitle "CBM 196 Extra"]
[Source "ChessBase"]
[SourceDate "2020.07.31"]
[SourceVersion "1"]
[SourceVersionDate "2020.07.31"]
[SourceQuality "1"]

1. e4 c6 2. Nf3 d5 3. exd5 cxd5 4. d4 Nc6 5. h3 Bf5 6. c3 e6 7. Bd3 Bxd3 8. Qxd3 Qb6 9. 0-0 Nf6 10. Nbd2 Be7 11. Ne5 0-0 12. Ndf3 Rac8 13. Bg5 Rfd8 14. Bh4 Ne4 15. Nxc6 Bxh4 16. Nxd8 Bxd8 17. Qc2 Qd6 18. Qe2 Bc7 19. g3 f5 20. Nd2 Rf8 21. Nxe4 fxe4 22. f4 g5 23. Qg4 Rf7 24. h4 Rg7 25. hxg5 h6 26. Qh5 hxg5 27. Qe8+ Kh7 28. Kg2 Rg8 29. Qf7+ 1-0

[Event "Benidorm op U2000 11th"]
[Site "Benidorm"]
[Date "2012.12.06"]
[Round "8"]
[White "Rucsandescu, Dan"]
[Black "McGovern, Patrick"]
[Result "1-0"]
[WhiteElo "1939"]
[BlackElo "1835"]
[PlyCount "83"]
[EventDate "2012.11.30"]
[EventType "swiss"]
[EventRounds "10"]
[EventCountry "ESP"]
[SourceTitle "EXT 2014"]
[Source "ChessBase"]
[SourceDate "2013.11.20"]
[SourceVersion "1"]
[SourceVersionDate "2013.11.20"]
[SourceQuality "1"]

1. d4 Nf6 2. Nf3 d5 3. c4 c6 4. e3 e6 5. Bd3 Be7 6. 0-0 0-0 7. Nc3 Nbd7 8. b3 b6 9. Qe2 Bb7 10. Bb2 c5 11. Rfd1 Rc8 12. cxd5 Nxd5 13. Nxd5 Bxd5 14. Ba6 Rc7 15. e4 Ba8 16. dxc5 Qb8 17. cxb6 axb6 18. Bb5 Rd8 19. Rd2 Qc8 20. Ba6 Bb7 21. Bxb7 Rxb7 22. Rad1 Nc5 23. Rxd8+ Bxd8 24. h3 Rd7 25. Rxd7 Nxd7 26. Qb5 Be7 27. Ne5 Nxe5 28. Bxe5 f6 29. Bf4 Bc5 30. Qc4 Kf7 31. Be3 Qa8 32. Bxc5 bxc5 33. Qxc5 Qxa2 34. b4 Qb1+ 35. Kh2 Qxe4 36. b5 Qb7 37. b6 Ke8 38. Qd6 e5 39. h4 Qc8 40. f3 h5 41. Qd5 Qb8 42. Qg8+ 1-0

[Event "Satu Mare op 2nd"]
[Site "Satu Mare"]
[Date "2011.07.20"]
[Round "8"]
[White "Suciu, Dinu Simi"]
[Black "Rucsandescu, Dan"]
[Result "1-0"]
[WhiteElo "2116"]
[BlackElo "1864"]
[PlyCount "101"]
[EventDate "2011.07.15"]
[EventType "swiss"]
[EventRounds "9"]
[EventCountry "ROU"]
[SourceTitle "CBM 143 Extra"]
[Source "ChessBase"]
[SourceDate "2011.08.29"]
[SourceVersion "1"]
[SourceVersionDate "2011.08.29"]
[SourceQuality "1"]

1. e4 c6 2. d3 d5 3. Nd2 e5 4. Ngf3 Bd6 5. g3 Nf6 6. Bg2 0-0 7. 0-0 Bg4 8. h3 Bxf3 9. Qxf3 Nbd7 10. Qe2 Qc7 11. Nf3 Rfe8 12. Nh4 g6 13. Bh6 Rad8 14. Nf3 Bf8 15. Bg5 h6 16. Bc1 Bg7 17. Nh2 Nc5 18. Ng4 Nxg4 19. Qxg4 Ne6 20. c3 Nc5 21. Qe2 Qd7 22. Be3 b6 23. Rad1 Qe7 24. Qc2 dxe4 25. dxe4 Ne6 26. h4 h5 27. Bh3 Bf6 28. Qe2 Nc5 29. Qc4 Qb7 30. Bxc5 bxc5 31. Qxc5 Qxb2 32. Qxc6 Kg7 33. a4 Qe2 34. Bd7 Re6 35. Qb5 Qxb5 36. axb5 Rb6 37. c4 Be7 38. Rd5 a6 39. Rfd1 axb5 40. c5 Rb7 41. c6 Rc7 42. Rxe5 Bf6 43. Rc5 b4 44. Rdd5 Be7 45. Rb5 Ra8 46. Kg2 Ra2 47. Rb6 Kf6 48. e5+ Kg7 49. Rb8 Raa7 50. Re8 Bf8 51. Rb5 1-0

[Event "Satu Mare op 2nd"]
[Site "Satu Mare"]
[Date "2011.07.16"]
[Round "3"]
[White "Rucsandescu, Dan"]
[Black "Samu, Sorin Mihai"]
[Result "0-1"]
[WhiteElo "1864"]
[BlackElo "2178"]
[PlyCount "60"]
[EventDate "2011.07.15"]
[EventType "swiss"]
[EventRounds "9"]
[EventCountry "ROU"]
[SourceTitle "CBM 143 Extra"]
[Source "ChessBase"]
[SourceDate "2011.08.29"]
[SourceVersion "1"]
[SourceVersionDate "2011.08.29"]
[SourceQuality "1"]

1. d4 c6 2. Nf3 d6 3. c4 g6 4. g3 Bg7 5. Bg2 Nf6 6. 0-0 0-0 7. Nc3 Nbd7 8. h3 Rb8 9. Be3 b5 10. cxb5 cxb5 11. Nd2 Bb7 12. Nde4 b4 13. Nxf6+ Nxf6 14. Na4 Bxg2 15. Kxg2 Qa5 16. b3 Rbc8 17. Qd3 Nd5 18. Bd2 Nc3 19. Bxc3 bxc3 20. Rac1 Qd5+ 21. e4 Qxd4 22. Qxd4 Bxd4 23. Rfd1 e5 24. Rc2 f5 25. f3 Kf7 26. exf5 gxf5 27. f4 Ke6 28. Kf3 e4+ 29. Ke2 Bh8 30. Rdc1 d5 0-1